Animal Crossing New Leaf - Personnages spéciaux - Statistiques

Statistiques générales
  • Ce quiz a été pris 82 fois
  • Le résultat moyen est 29 sur 58
Statistiques - réponses
Par images Réponse % Correct
Marie
98%
Tom Nook
98%
Méli et Mélo
84%
Tortimer
83%
Kéké
81%
Céleste
78%
Rounard
78%
Thibou
77%
Racine
75%
Sarah
75%
Charly
72%
Resetti
70%
Robusto
70%
Layette
67%
Cousette
66%
Serge
66%
Astrid
63%
Blaise
63%
Carla
63%
Gulliver
63%
Lionel
61%
Lou
58%
Maria
58%
Max
56%
Séréna
56%
Pascal
55%
Risette
55%
Ciboulot
53%
Ginette
53%
Jacqu'o
52%
Amiral
50%
Antoine
48%
Joe
48%
Opélie
48%
Porcella
47%
Rodolphe
41%
Albin
39%
Liliane
34%
Yétiti
34%
Follet
33%
Blanca
31%
Giroïde
31%
Roberto
31%
Elisabec
30%
Papayéti
30%
Lazare
28%
Mamayéti
28%
Chausset
27%
Hélium
27%
Dindou
23%
Djarod
23%
Don Resetti
23%
Maret
22%
Castor
20%
Lila
17%
Morsicus
16%
Mamiral
14%
Titiyéti
9%
Aucun quiz correspondant
Distribution des résultats
% des personnes avec chaque résultat
Percentile par nombre de réponses
Votre historique - résultats
Vous n’avez pas pris ce quiz